|
|
|
|
| LEADER |
01100cam a22003011a 4500 |
| 001 |
000035211 |
| 003 |
11487 |
| 005 |
20220727163845.0 |
| 008 |
151106s2010 enk 000 eng |
| 020 |
|
|
|a 9786048556921
|
| 041 |
|
|
|a eng
|
| 082 |
|
|
|a 420.8
|b HO-N
|
| 100 |
|
|
|a Hoài Nam
|
| 245 |
|
0 |
|a LinguaForum Toefl iBT i - Speaking Scripts & Answers ( New Edition) /
|c Hoài Nam
|n Speaking Scripts & Answers
|
| 260 |
|
|
|a Tổng hợp TP.HCM,
|c 2010.
|
| 300 |
|
|
|a 67tr. :
|b mh. ;
|c 27,5cm.
|
| 650 |
|
|
|a Hoài Nam,2010, LinguaForum Toefl iBT i - Speaking Scripts & Answers ( New Edition)
|
| 653 |
|
|
|a Toefl iBT
|a Speaking Scripts
|
| OWN |
|
|
|a LNN
|
| AVA |
|
|
|a UDN50
|b LNN
|c English
|d 420.8 HO-N
|e available
|t Error 5001 Not defined in file expand_doc_bib_avail.
|f 9
|g 0
|h N
|i 0
|j AN
|
| 999 |
|
|
|a From the UDN01
|
| AVA |
|
|
|a UDN50
|b LNN
|c English
|d 420.8 HO-N
|e available
|t Error 5001 Not defined in file expand_doc_bib_avail.
|f 9
|g 0
|h N
|i 0
|j AN
|
| TYP |
|
|
|a Monograph
|
| TYP |
|
|
|a Printed language
|
| 980 |
|
|
|a Mạng thư viện Đại học Đà Nẵng
|